the hunger games - Statistics

General Stats
  • This quiz has been taken 2,319 times
    2,316 since last reset
  • The average score is 8 of 15
Answer Stats
Hint Answer % Correct
katniss's games partner peeta
92%
katniss's mentor haymitch
77%
katniss's little sister primrose everdeen
75%
prim's cats buttercup
66%
katniss's last opponent in the games cato
62%
who is katniss's designer cinna
60%
what tribute had an alliance with katniss rue
52%
what are the servants in the capitol called avox
51%
katniss's best friend gale hawthorne
50%
katniss's escort effie trinket
49%
the name of the lady at the hob greasy sae
48%
which tribute got killed by tracker jackers glimmer
42%
what tribute throws knives clove
40%
what are the controllers of the games called game makers
33%
what is the presidents name corilanus snow
1%
No matching quizzes found
Score Distribution
Percent of People with Each Score
Percentile by Number Answered
Your Score History
You have not taken this quiz since the last reset